Vládne zásahy na trhu poistenia teroristických rizík

Identifikácia možných vládnych intervencií na trhu poistenia teroristických rizík a možných foriem týchto zásahov. Zhodnotenie výhod a nevýhod vládnych intervencií a odporúčania ich použiteľnosti do budúcnosti.

Gespeichert in:
Bibliographische Detailangaben
1. Verfasser: Marko, Peter
Format: Buchkapitel
Sprache:Slowakisch
Schlagworte:
Tags: Tag hinzufügen
Keine Tags, Fügen Sie das erste Tag hinzu!

MARC

LEADER 00000naa$a2200000$$$4500
001 0066256
005 20240502071803.0
041 0 |a slo 
044 |a SK 
245 1 0 |a Vládne zásahy na trhu poistenia teroristických rizík  |c Peter Marko 
520 |a Identifikácia možných vládnych intervencií na trhu poistenia teroristických rizík a možných foriem týchto zásahov. Zhodnotenie výhod a nevýhod vládnych intervencií a odporúčania ich použiteľnosti do budúcnosti. 
610 2 0 |a riziko bezpečnostné 
610 2 0 |a trh poistný 
610 2 0 |a riadenie rizík 
610 2 0 |a vláda 
610 2 0 |a terorizmus 
100 1 |a Marko, Peter